[Event "2. Bundesliga West 2013/14"]
[Site "Salzburg"]
[Date "2013.11.30"]
[Round "4"]
[Board "6"]
[White "Gsteu, Peter"]
[Black "Herrmann, Michael"]
[Result "*"]
[WhiteElo "2146"]
[BlackElo "2115"]
[PlyCount "117"]
[EventDate "2013.10.18"]
[EventType "team"]
[EventRounds "11"]
[EventCountry "AUT"]
[WhiteTeam "Dornbirn"]
[BlackTeam "ASK Salzburg 1"]

1.d4 d5 2.Nf3 Nf6 3.Bf4 Bf5 4.e3 e6 5.c4 c6 6.Nc3 Nbd7 7.Qb3 Qb6 8.c5 Qxb3 9.axb3
a6 10.b4 Rc8 11.h3 Be7 12.Nd2 Bd8 13.Nb3 Bc7 14.Bxc7 Rxc7 15.b5 Nb8 16.bxa6 bxa6 17.Na5
O-O 18.Be2 e5 19.O-O exd4 20.exd4 Re8 21.Rfd1 h5 22.Bf1 h4 23.Re1 Rxe1 24.Rxe1 Kf8
25.Re3 Re7 26.Rxe7 Kxe7 27.Be2 g5 28.Kf1 Ne8 29.Ke1 Nc7 30.Kd2 Bc8 31.Na4 Nb5 32.Ke3
f5 33.f4 gxf4+ 34.Kd3 Kf6 35.Bf3 Ke7 36.Nc3 Kf6 37.Ne2 Kg5 38.Kc2 Na7 39.Kc3 Nd7 40.Kb4
Nf8 41.Nb3 Nb5 42.Ka5 Nd7 43.Na1 Nc7 44.Nc2 Ne6 45.Nb4 Bb7 46.Nxa6 Bxa6 47.Kxa6 Ndxc5+
48.dxc5 Nxc5+ 49.Kb6 Na4+ 50.Kxc6 Nxb2 51.Kxd5 Nd1 52.Nd4 Ne3+ 53.Ke5 Nc4+ 54.Ke6
Ne3 55.Kf7 Nc4 56.Ne6+ Kh6 57.Kf6 Ne3 58.Nxf4 Nxg2 59.Nxg2

[Event "2. Bundesliga West 2013/14"]
[Site "Salzburg"]
[Date "2013.11.30"]
[Round "4"]
[Board "1"]
[White "Zelcic, Robert"]
[Black "Wegener, Olaf"]
[Result "*"]
[WhiteElo "2541"]
[BlackElo "2437"]
[PlyCount "83"]
[EventDate "2013.10.18"]
[EventType "team"]
[EventRounds "11"]
[EventCountry "AUT"]
[WhiteTeam "Schwarzach"]
[BlackTeam "Rochade Rum"]

1.e4 c5 2.Nf3 d6 3.d4 cxd4 4.Qxd4 a6 5.Be3 Nc6 6.Qd2 Nf6 7.Nc3 e6 8.O-O-O Qc7 9.Bf4
Ng4 10.Kb1 Bd7 11.Bg3 Be7 12.Nd4 O-O 13.Be2 Nf6 14.Nb3 e5 15.Nd5 Nxd5 16.exd5 Na7
17.Bxe5 dxe5 18.d6 Bxd6 19.Qxd6 Qxd6 20.Rxd6 Bc6 21.f3 Rfd8 22.Rdd1 Rxd1+ 23.Rxd1
Kf8 24.Na5 Ke7 25.Bc4 f6 26.c3 Rd8 27.Nxc6+ Nxc6 28.Bd5 f5 29.b4 Kf6 30.Kc1 Rd7 31.Bxc6
Rxd1+ 32.Kxd1 bxc6 33.Kd2 Ke6 34.Kd3 Kd5 35.c4+ Kd6 36.a4 c5 37.b5 a5 38.g4 g6 39.gxf5
gxf5 40.Ke3 h6 41.Kf2 Ke6 42.Ke1

[Event "2. Bundesliga West 2013/14"]
[Site "Salzburg"]
[Date "2013.11.30"]
[Round "4"]
[Board "3"]
[White "Roeberg, Frank"]
[Black "Zimmermann, Ulrich"]
[Result "0-1"]
[WhiteElo "2226"]
[BlackElo "2272"]
[PlyCount "74"]
[EventDate "2013.10.18"]
[EventType "team"]
[EventRounds "11"]
[EventCountry "AUT"]
[WhiteTeam "Schwarzach"]
[BlackTeam "Rochade Rum"]

1.e4 e5 2.Bc4 Nc6 3.Nc3 Nf6 4.d3 Bc5 5.f4 d6 6.Nf3 Bg4 7.Na4 O-O 8.Nxc5 dxc5 9.c3
exf4 10.Bxf4 Nh5 11.Be3 Ne5 12.Bxc5 Bxf3 13.gxf3 Qh4+ 14.Bf2 Qh3 15.Bd4 Nxf3+ 16.Kf2
Nxd4 17.cxd4 Rad8 18.Qf3 Qh4+ 19.Ke2 Rxd4 20.Rhf1 g6 21.Rf2 Rd7 22.Rg1 Kh8 23.Qe3
Qe7 24.Qh6 Rdd8 25.Rg5 c6 26.Kd2 b5 27.Bb3 c5 28.Bd5 Nf6 29.Rff5 c4 30.a3 cxd3 31.Re5
Qc5 32.Kxd3 Qc4+ 33.Ke3 Qc1+ 34.Kf3 Ng8 35.Qh4 f6 36.Rgf5 fxe5 37.Bxg8 Kxg8 0-1

[Event "2. Bundesliga West 2013/14"]
[Site "Salzburg"]
[Date "2013.11.30"]
[Round "4"]
[Board "4"]
[White "Pogan, Nikolas"]
[Black "Hecht, Hans-Joachim"]
[Result "*"]
[WhiteElo "2293"]
[BlackElo "2340"]
[PlyCount "59"]
[EventDate "2013.10.18"]
[EventType "team"]
[EventRounds "11"]
[EventCountry "AUT"]
[WhiteTeam "Rochade Rum"]
[BlackTeam "Schwarzach"]

1.c4 e6 2.Nf3 b6 3.g3 Bb7 4.Bg2 Nf6 5.O-O Be7 6.Nc3 O-O 7.d4 Ne4 8.Nxe4 Bxe4 9.Re1
d5 10.cxd5 Qxd5 11.Qa4 Nc6 12.Be3 b5 13.Qb3 Qxb3 14.axb3 Nb4 15.Rec1 Bd6 16.Nd2 Bxg2
17.Kxg2 f5 18.Bf4 a5 19.Bxd6 cxd6 20.Rc7 Rf7 21.Rac1 a4 22.bxa4 Rxa4 23.Nf3 h6 24.Rxf7
Kxf7 25.Rc7+ Kf6 26.Rb7 Ra2 27.Rxb5 Rxb2 28.Rb6 Nd3 29.Rxb2 Nxb2 30.h3

[Event "2. Bundesliga West 2013/14"]
[Site "Salzburg"]
[Date "2013.11.30"]
[Round "4"]
[Board "6"]
[White "Jedinger, Andreas"]
[Black "Hajdarevic, Dino"]
[Result "*"]
[WhiteElo "2169"]
[BlackElo "2098"]
[PlyCount "69"]
[EventDate "2013.10.18"]
[EventType "team"]
[EventRounds "11"]
[EventCountry "AUT"]
[WhiteTeam "Rochade Rum"]
[BlackTeam "Schwarzach"]

1.e4 e5 2.Nf3 Nc6 3.Bc4 Bc5 4.c3 Nf6 5.d3 d6 6.Bb3 a6 7.Nbd2 Ba7 8.O-O h6 9.Re1 g5
10.Nf1 g4 11.N3d2 h5 12.Nc4 b5 13.Nce3 h4 14.d4 exd4 15.Nd5 Rg8 16.Bf4 Nh5 17.Qd2
g3 18.Kh1 gxf2 19.Qxf2 dxc3 20.Be3 Bxe3 21.Rxe3 Ne5 22.Rxc3 c5 23.Nfe3 Rg6 24.Rf1
Ra7 25.Nf5 Bxf5 26.Qxf5 Ng7 27.Qh3 Ne6 28.Bd1 Qg5 29.Rc2 Kf8 30.Rff2 Nd4 31.Qc8+ Kg7
32.Nf4 Rh6 33.Nd5 Rg6 34.Nf4 Rh6 35.Nd5

[Event "2. Bundesliga West 2013/14"]
[Site "Salzburg"]
[Date "2013.11.30"]
[Round "4"]
[Board "1"]
[White "Panteleev, Petar"]
[Black "Medvegy, Zoltan"]
[Result "0-1"]
[WhiteElo "2306"]
[BlackElo "2516"]
[PlyCount "102"]
[EventDate "2013.10.18"]
[EventType "team"]
[EventRounds "11"]
[EventCountry "AUT"]
[WhiteTeam "Schwaz"]
[BlackTeam "Ranshofen"]

1.d4 g6 2.Nf3 Bg7 3.c4 d6 4.Nc3 e5 5.e4 Nc6 6.dxe5 dxe5 7.Qxd8+ Kxd8 8.Bg5+ f6 9.O-O-O+
Bd7 10.Be3 Bh6 11.Nd5 Bxe3+ 12.Nxe3 Ke8 13.Nd5 Rc8 14.h3 Nd8 15.b4 Ne6 16.Kb2 c6 17.Ne3
Nh6 18.g3 Ke7 19.h4 Nc7 20.Bh3 Bxh3 21.Rxh3 Ne6 22.Rhh1 Rhd8 23.Kc3 c5 24.Nd5+ Kf7
25.a3 Ng4 26.Rd2 Nd4 27.Nxd4 exd4+ 28.Kb3 b6 29.f4 f5 30.Re1 Re8 31.bxc5 bxc5 32.e5
Ke6 33.Rde2 Red8 34.Nf6 Rb8+ 35.Ka2 Ne3 36.Nxh7 Rb6 37.Ng5+ Ke7 38.Rc1 Rdb8 39.Nf3
Rb3 40.Ne1 Nf1 41.Nd3 Nxg3 42.Rb2 Rxb2+ 43.Nxb2 Ne2 44.Rh1 Nxf4 45.Na4 Ne6 46.Nb2
Kf7 47.Nd3 Kg7 48.Rh2 Kh6 49.Rh1 Kh5 50.Rh2 f4 51.Nf2 a5 0-1

[Event "2. Bundesliga West 2013/14"]
[Site "Salzburg"]
[Date "2013.11.30"]
[Round "4"]
[Board "2"]
[White "Dovzik, Juri"]
[Black "Fuchs, Georg"]
[Result "*"]
[WhiteElo "2335"]
[BlackElo "2230"]
[PlyCount "40"]
[EventDate "2013.10.18"]
[EventType "team"]
[EventRounds "11"]
[EventCountry "AUT"]
[WhiteTeam "Ranshofen"]
[BlackTeam "Schwaz"]

1.Nf3 d5 2.d4 Nf6 3.c4 e6 4.e3 Be7 5.Nbd2 O-O 6.cxd5 exd5 7.Bd3 c5 8.dxc5 Bxc5 9.O-O
Nc6 10.h3 Re8 11.a3 a5 12.Nb3 Ba7 13.Nbd4 h6 14.Bd2 Ne4 15.Rc1 Bd7 16.Bc3 Rc8 17.Qb3
Nc5 18.Qd1 Ne4 19.Qb3 Nc5 20.Qd1 Ne4

[Event "2. Bundesliga West 2013/14"]
[Site "Salzburg"]
[Date "2013.11.30"]
[Round "4"]
[Board "4"]
[White "Ager, Josef"]
[Black "Gruber, Michael"]
[Result "*"]
[WhiteElo "2167"]
[BlackElo "2205"]
[PlyCount "67"]
[EventDate "2013.10.18"]
[EventType "team"]
[EventRounds "11"]
[EventCountry "AUT"]
[WhiteTeam "Ranshofen"]
[BlackTeam "Schwaz"]

1.d4 f5 2.Bg5 g6 3.Nc3 Bg7 4.h4 d5 5.e3 Nf6 6.Qf3 Ne4 7.Nxe4 fxe4 8.Qd1 Qd6 9.c3 e5
10.dxe5 Bxe5 11.Ne2 Bg4 12.Qd2 Nd7 13.Bf4 O-O-O 14.g3 h6 15.b4 Qf6 16.Nd4 g5 17.Bxe5
Nxe5 18.Be2 Rhf8 19.Bxg4+ Nxg4 20.hxg5 hxg5 21.Rf1 Rh8 22.O-O-O Rh2 23.Qe2 Nxf2 24.Rd2
Rf8 25.Kc2 Qe5 26.Qb5 a6 27.Qc5 Rf6 28.Qa7 c6 29.Nb3 Nd3 30.Qa8+ Kc7 31.Rxh2 Rxf1
32.Rh7+ Kd6 33.Qd8+ Ke6 34.Nd4+

[Event "2. Bundesliga West 2013/14"]
[Site "Salzburg"]
[Date "2013.11.30"]
[Round "4"]
[Board "5"]
[White "Kondrak, Christof"]
[Black "Riediger, Martin"]
[Result "0-1"]
[WhiteElo "2165"]
[BlackElo "2264"]
[PlyCount "82"]
[EventDate "2013.10.18"]
[EventType "team"]
[EventRounds "11"]
[EventCountry "AUT"]
[WhiteTeam "Schwaz"]
[BlackTeam "Ranshofen"]

1.d4 Nf6 2.c4 g6 3.Nc3 d5 4.Nf3 Bg7 5.Bg5 c6 6.e3 O-O 7.Bd3 Be6 8.c5 Qc8 9.O-O Bf5
10.b4 Re8 11.a4 Bxd3 12.Qxd3 Nbd7 13.Rac1 e5 14.dxe5 Ng4 15.e4 Ngxe5 16.Nxe5 Nxe5
17.Qd1 d4 18.Ne2 Qg4 19.f4 d3 20.Nc3 h6 21.fxe5 Qxg5 22.Qxd3 Qxe5 23.Kh1 Rad8 24.Qc4
Qe6 25.Ne2 Rd7 26.Qxe6 Rxe6 27.Rc4 Rde7 28.Ng3 Be5 29.Ne2 Bg7 30.Ng3 h5 31.h4 Be5
32.Ne2 Bf6 33.b5 Kg7 34.Rf4 Be5 35.Rf3 Bf6 36.Rf4 Be5 37.Rf3 Bc7 38.Nc3 Ba5 39.bxc6
bxc6 40.Nd1 Rxe4 41.Nb2 Re1+ 0-1

[Event "2. Bundesliga West 2013/14"]
[Site "Salzburg"]
[Date "2013.11.30"]
[Round "4"]
[Board "6"]
[White "Kuecher, Wolfgang"]
[Black "Binder, Moriz"]
[Result "*"]
[WhiteElo "2079"]
[BlackElo "2044"]
[PlyCount "95"]
[EventDate "2013.10.18"]
[EventType "team"]
[EventRounds "11"]
[EventCountry "AUT"]
[WhiteTeam "Ranshofen"]
[BlackTeam "Schwaz"]

1.d4 d5 2.c4 c6 3.Nc3 Nf6 4.Nf3 e6 5.Bg5 h6 6.Bh4 dxc4 7.e4 g5 8.Bg3 b5 9.Be2 Bb7
10.O-O a6 11.a4 Nbd7 12.h4 Rg8 13.hxg5 hxg5 14.Re1 Nh5 15.Bh2 Nf4 16.Bf1 Nf6 17.Nxg5
N6h5 18.Bxf4 Nxf4 19.Nf3 Nh3+ 20.Kh2 Nxf2 21.Qd2 Ng4+ 22.Kg1 Bh6 23.Qc2 Be3+ 24.Rxe3
Nxe3 25.Qd2 Ng4 26.e5 c5 27.d5 Bxd5 28.Nxd5 exd5 29.Re1 Rg6 30.g3 d4 31.Qf4 Ne3 32.Bh3
Ra7 33.Nh4 Nd5 34.Qe4 Rxg3+ 35.Kh2 Re3 36.Rxe3 Nxe3 37.Qh7 Qg5 38.Qe4 Kf8 39.Nf3 Qg6
40.Qh4 Qc2+ 41.Kh1 Qb1+ 42.Kh2 Qxb2+ 43.Kg3 Qc2 44.Qh8+ Ke7 45.Qf6+ Kf8 46.Qh8+ Ke7
47.Qf6+ Kf8 48.Qh8+

[Event "2. Bundesliga West 2013/14"]
[Site "Salzburg"]
[Date "2013.11.30"]
[Round "4"]
[Board "1"]
[White "Burschowsky, Matthias"]
[Black "Schramm, Christian"]
[Result "0-1"]
[WhiteElo "2186"]
[BlackElo "2394"]
[PlyCount "141"]
[EventDate "2013.10.18"]
[EventType "team"]
[EventRounds "11"]
[EventCountry "AUT"]
[WhiteTeam "Pradl"]
[BlackTeam "SIR Bernhard 2"]

1.c4 e5 2.Nc3 g6 3.g3 Bg7 4.Bg2 c6 5.e4 d6 6.Nge2 Nd7 7.O-O Ngf6 8.d4 O-O 9.h3 exd4
10.Nxd4 a5 11.Be3 Nc5 12.Nb3 Ne6 13.Qd2 a4 14.Nd4 Qa5 15.Rad1 Nc5 16.Nc2 Be6 17.Qxd6
Nfd7 18.Bd4 Rfd8 19.Bxg7 Kxg7 20.Na3 Qb4 21.Rd2 Nf6 22.Qf4 Nd3 23.Qe3 Nxb2 24.Rb1
Rxd2 25.Qxd2 Nxc4 26.Rxb4 Nxd2 27.Rd4 Nb3 28.axb3 axb3 29.Ra4 Rd8 30.Rb4 Rd3 31.Nab1
b5 32.Bf1 Rd8 33.f4 Ra8 34.Kf2 Ra2+ 35.Ke3 h5 36.Nd2 h4 37.g4 Ra1 38.f5 gxf5 39.gxf5
Bc4 40.Bxc4 bxc4 41.Nxc4 Rh1 42.Rxb3 Rxh3+ 43.Kf4 Rg3 44.Rb7 Nh5+ 45.Ke5 Rxc3 46.Nd6
h3 47.Rb2 Rd3 48.Ne8+ Kh6 49.Nf6 Kg5 50.Nxh5 Kxh5 51.Kf4 Rd8 52.Kg3 Kg5 53.Kxh3 c5
54.Rb7 f6 55.Rc7 Rd3+ 56.Kg2 Rc3 57.Rc6 c4 58.Kf2 Rc1 59.Ke2 c3 60.Kd3 Rd1+ 61.Kc2
Rd4 62.Kxc3 Rxe4 63.Kd3 Re5 64.Rc1 Kxf5 65.Rf1+ Kg5 66.Kc2 f5 67.Rg1+ Kf4 68.Rf1+
Kg4 69.Rg1+ Kf3 70.Rf1+ Kg3 71.Kd1 0-1

[Event "2. Bundesliga West 2013/14"]
[Site "Salzburg"]
[Date "2013.11.30"]
[Round "4"]
[Board "2"]
[White "Seyb, Alexander"]
[Black "Sucher, Johannes"]
[Result "0-1"]
[WhiteElo "2355"]
[BlackElo "2198"]
[PlyCount "64"]
[EventDate "2013.10.18"]
[EventType "team"]
[EventRounds "11"]
[EventCountry "AUT"]
[WhiteTeam "SIR Bernhard 2"]
[BlackTeam "Pradl"]

1.e4 Nf6 2.e5 Nd5 3.d4 d6 4.c4 Nb6 5.exd6 exd6 6.Nc3 Bf5 7.Qf3 g6 8.Be3 Nc6 9.O-O-O
Bg7 10.Nh3 Qd7 11.Nf4 Bg4 12.Qe4+ Kf8 13.Rd2 g5 14.Nfd5 f5 15.Qc2 f4 16.Bd3 Kg8 17.h4
h6 18.hxg5 hxg5 19.Rh7 Rxh7 20.Bxh7+ Kh8 21.Bxf4 Nxd4 22.Qd3 gxf4 23.Nxf4 Bf5 24.Bxf5
Qxf5 25.Qg3 Nxc4 26.Ncd5 Re8 27.Ng6+ Kh7 28.Nge7 Bh6 29.f4 Nxb2 30.Nxf5 Ne2+ 31.Kxb2
Nxg3 32.Nxg3 Rf8 0-1

[Event "2. Bundesliga West 2013/14"]
[Site "Salzburg"]
[Date "2013.11.30"]
[Round "4"]
[Board "3"]
[White "Meier, Alexander"]
[Black "Lammers, Markus"]
[Result "0-1"]
[WhiteElo "2165"]
[BlackElo "2353"]
[PlyCount "146"]
[EventDate "2013.10.18"]
[EventType "team"]
[EventRounds "11"]
[EventCountry "AUT"]
[WhiteTeam "Pradl"]
[BlackTeam "SIR Bernhard 2"]

1.e4 d5 2.exd5 Nf6 3.d4 Nxd5 4.c4 Nb6 5.Nc3 e5 6.Be3 exd4 7.Qxd4 Qxd4 8.Bxd4 Nc6 9.Nf3
Bg4 10.Bxb6 axb6 11.Be2 Bb4 12.O-O Bxc3 13.bxc3 O-O 14.h3 Rfe8 15.Rfe1 Bh5 16.g4 Bg6
17.Nd4 Kf8 18.Nxc6 bxc6 19.Bf3 Re6 20.Rxe6 fxe6 21.Bxc6 Ra3 22.Rd1 Rxc3 23.Rd8+ Ke7
24.Rd7+ Kf6 25.Rxc7 Rxc4 26.Rc8 Be4 27.Rf8+ Ke7 28.Re8+ Kf7 29.Bd7 Bd5 30.Rb8 g5 31.f3
Rb4 32.a4 Kf6 33.Bb5 Ke5 34.Rf8 Rb2 35.Bd7 Rd2 36.Bb5 Kd4 37.f4 Ke3 38.fxg5 Rg2+ 39.Kf1
Rh2 40.Ke1 Rxh3 41.Kd1 Rh2 42.Kc1 Kd4 43.Rf6 Rh4 44.Rh6 Rxg4 45.Rxh7 Rxg5 46.Rh4+
Be4 47.Kd2 Rg2+ 48.Ke1 Rc2 49.Be8 Rc1+ 50.Kd2 Rc2+ 51.Kd1 Rc5 52.Bg6 Re5 53.Kd2 Kd5
54.Be8 Kc5 55.Kc3 Bd5 56.Rh3 Rg5 57.Rh7 Rg3+ 58.Kd2 Ra3 59.Bb5 Ra2+ 60.Kc3 Ra3+ 61.Kd2
Rg3 62.Be8 e5 63.Rh6 e4 64.Bb5 Ra3 65.Rg6 Rb3 66.Rg5 Kd4 67.Rg7 e3+ 68.Ke2 Rb2+ 69.Ke1
Rb1+ 70.Ke2 Rb2+ 71.Ke1 Bf3 72.Rd7+ Ke5 73.Re7+ Kf4 0-1

[Event "2. Bundesliga West 2013/14"]
[Site "Salzburg"]
[Date "2013.11.30"]
[Round "4"]
[Board "4"]
[White "Durakovic, Alman"]
[Black "Lins, Philipp"]
[Result "*"]
[WhiteElo "2272"]
[BlackElo "2067"]
[PlyCount "111"]
[EventDate "2013.10.18"]
[EventType "team"]
[EventRounds "11"]
[EventCountry "AUT"]
[WhiteTeam "SIR Bernhard 2"]
[BlackTeam "Pradl"]

1.d4 d6 2.c4 e5 3.Nf3 e4 4.Ng5 f5 5.g3 c6 6.d5 Be7 7.Nh3 Na6 8.Bg2 Nc7 9.Nc3 Nf6 10.Nf4
O-O 11.O-O b5 12.dxc6 bxc4 13.Qd4 d5 14.Rd1 Ne6 15.Nxe6 Bxe6 16.Bf4 Qe8 17.c7 Qc6
18.e3 Bc5 19.Qd2 Rf7 20.Rab1 Bb4 21.b3 Bxc3 22.Qxc3 Ne8 23.bxc4 Nxc7 24.c5 Rc8 25.Qa5
Ne8 26.Rdc1 Rb7 27.Rxb7 Qxb7 28.Be5 Rc6 29.Bf1 Nc7 30.a4 a6 31.Rc2 Ne8 32.Rb2 Qe7
33.Rb8 Bc8 34.Bd4 Qa7 35.Qd8 Qd7 36.Qxd7 Bxd7 37.Ra8 Kf7 38.Ra7 Ke6 39.a5 Bc8 40.Ra8
g6 41.Be2 Nf6 42.Bd1 Rc7 43.Ba4 Bb7 44.Ra7 Rf7 45.c6 Bc8 46.Ra8 Rf8 47.Bd1 Ng4 48.Be2
Kf7 49.h3 Nh6 50.Bxa6 Bxa6 51.Rxa6 Re8 52.Rb6 Ke7 53.a6 Ra8 54.Rb7+ Kd6 55.c7 Kc6
56.Rb8

[Event "2. Bundesliga West 2013/14"]
[Site "Salzburg"]
[Date "2013.11.30"]
[Round "4"]
[Board "5"]
[White "Praxmarer, Christian"]
[Black "Huch, Reiner"]
[Result "0-1"]
[WhiteElo "1989"]
[BlackElo "2334"]
[PlyCount "98"]
[EventDate "2013.10.18"]
[EventType "team"]
[EventRounds "11"]
[EventCountry "AUT"]
[WhiteTeam "Pradl"]
[BlackTeam "SIR Bernhard 2"]

1.f4 d5 2.Nf3 g6 3.g3 Bg7 4.Bg2 c5 5.O-O Nc6 6.d3 Nf6 7.c3 O-O 8.Qe1 d4 9.Na3 Nd5
10.Bd2 Re8 11.Nc4 Rb8 12.e4 dxe3 13.Nxe3 Nxe3 14.Bxe3 b6 15.Rd1 e5 16.Qf2 Qc7 17.fxe5
Nxe5 18.Bf4 Ba6 19.Ng5 h6 20.Bxe5 Rxe5 21.Qxf7+ Qxf7 22.Nxf7 Re2 23.Bd5 Bb7 24.Nxh6+
Kh7 25.Bxb7 Kxh6 26.Rf7 Rxb2 27.d4 Rd8 28.d5 Bxc3 29.d6 Bd4+ 30.Kh1 Rxd6 31.Re1 Bc3
32.Rc1 Rdd2 33.Kg1 Bd4+ 34.Kf1 Rxh2 35.a4 Rbf2+ 36.Rxf2 Rxf2+ 37.Ke1 Ra2 38.Bc6 Bf2+
39.Kd1 Bxg3 40.Rc3 Bf4 41.Rh3+ Kg7 42.Ke1 c4 43.Bd5 Rxa4 44.Rc3 b5 45.Ke2 a5 46.Rf3
g5 47.Rc3 Kf6 48.Bc6 Rb4 49.Ra3 a4 0-1

[Event "2. Bundesliga West 2013/14"]
[Site "Salzburg"]
[Date "2013.11.30"]
[Round "4"]
[Board "6"]
[White "Pflug, Mathias"]
[Black "Riha, Alexander"]
[Result "*"]
[WhiteElo "2298"]
[BlackElo "2037"]
[PlyCount "105"]
[EventDate "2013.10.18"]
[EventType "team"]
[EventRounds "11"]
[EventCountry "AUT"]
[WhiteTeam "SIR Bernhard 2"]
[BlackTeam "Pradl"]

1.e4 e6 2.d4 d5 3.Nc3 dxe4 4.Nxe4 Bd7 5.Bd3 Bc6 6.Nf3 Nd7 7.Bg5 Ngf6 8.Ng3 Be7 9.Qe2
Bxf3 10.Qxf3 c6 11.c3 O-O 12.O-O Qa5 13.Bd2 Qd5 14.Qe2 c5 15.Bc4 Qc6 16.dxc5 Nxc5
17.b4 Nce4 18.Nxe4 Qxe4 19.Rfe1 Qxe2 20.Rxe2 Rfd8 21.Bb3 Rac8 22.c4 Ne4 23.Be1 Bf6
24.Rc1 Bg5 25.Rcc2 Nd6 26.g4 h5 27.h3 hxg4 28.hxg4 Ne8 29.f3 Rd3 30.Kg2 Rcd8 31.Bf2
Be7 32.b5 b6 33.Re3 Nf6 34.Rxd3 Rxd3 35.c5 bxc5 36.Bxc5 Bxc5 37.Rxc5 Kf8 38.Kf2 Ke7
39.Ke2 Rd6 40.a4 Kd8 41.Rc3 Nd7 42.Ke3 Nf6 43.g5 Nd5+ 44.Bxd5 Rxd5 45.Rd3 Rxd3+ 46.Kxd3
Kc7 47.Kc4 Kb6 48.Kb4 e5 49.a5+ Kc7 50.Kc5 f5 51.gxf6 gxf6 52.Kd5 Kd7 53.b6

[Event "2. Bundesliga West 2013/14"]
[Site "Salzburg"]
[Date "2013.12.01"]
[Round "5"]
[Board "2"]
[White "Weindl, Alfred"]
[Black "Maiwald, Jens-Uwe"]
[Result "*"]
[WhiteElo "2344"]
[BlackElo "2465"]
[PlyCount "107"]
[EventDate "2013.10.18"]
[EventType "team"]
[EventRounds "11"]
[EventCountry "AUT"]
[WhiteTeam "Bregenz"]
[BlackTeam "Zillertal"]

1.c4 e5 2.Nc3 d6 3.g3 f5 4.Bg2 Nf6 5.d3 Be7 6.Nf3 O-O 7.O-O Qe8 8.c5 Kh8 9.cxd6 Bxd6
10.d4 e4 11.Ne5 Nbd7 12.Nc4 Nb6 13.Nxd6 cxd6 14.Bf4 Qe7 15.d5 Bd7 16.Qb3 Rfc8 17.a4
Rc7 18.Rfd1 Nc4 19.Rd4 Rac8 20.Rxc4 Rxc4 21.Qxb7 R4c7 22.Qa6 Ne8 23.Be3 Rb8 24.Nb5
Bxb5 25.axb5 Rbb7 26.b6 axb6 27.Bxb6 Rc8 28.e3 Rcb8 29.Bd4 Nc7 30.Qc4 Qf7 31.Bh3 Nxd5
32.Ra5 Nf4 33.Bf1 d5 34.Qc6 Ne6 35.Be5 Re8 36.Qxd5 Rd7 37.Qb3 Qh5 38.Qb5 Ng5 39.Be2
Rd1+ 40.Bxd1 Qxd1+ 41.Kg2 Qf3+ 42.Kf1 Qd1+ 43.Kg2 Rd8 44.Bd4 Qf3+ 45.Kf1 Qh1+ 46.Ke2
Nf3 47.Bxg7+ Kxg7 48.Ra7+ Kh8 49.Rxh7+ Kxh7 50.Qxf5+ Kg7 51.Qg4+ Kh6 52.Qe6+ Kg7 53.Qe7+
Kh6 54.Qe6+

[Event "2. Bundesliga West 2013/14"]
[Site "Salzburg"]
[Date "2013.12.01"]
[Round "5"]
[Board "4"]
[White "Herbrechtsmeier, Christof"]
[Black "Tabernig, Bernhard"]
[Result "*"]
[WhiteElo "2290"]
[BlackElo "2350"]
[PlyCount "70"]
[EventDate "2013.10.18"]
[EventType "team"]
[EventRounds "11"]
[EventCountry "AUT"]
[WhiteTeam "Bregenz"]
[BlackTeam "Zillertal"]

1.e4 e6 2.d4 d5 3.Nc3 Nf6 4.Bg5 dxe4 5.Nxe4 Be7 6.Bxf6 gxf6 7.Nf3 f5 8.Nc3 a6 9.h4
b5 10.Ne5 Bf6 11.Qf3 Ra7 12.O-O-O Bb7 13.Qe3 Bd5 14.Nxd5 Qxd5 15.c4 bxc4 16.Bxc4 Qe4
17.Qb3 O-O 18.Rhe1 Qf4+ 19.Rd2 Qxh4 20.g3 Qh6 21.f4 Bxe5 22.dxe5 a5 23.Qf3 Qg6 24.Rh1
c5 25.Rh5 h6 26.Rdh2 Kg7 27.Qh1 Rh8 28.Bd3 Rd7 29.Bc2 Rd4 30.g4 Rxf4 31.gxf5 exf5
32.Rg2 Rg4 33.Rxg4 Qxg4 34.Kb1 f4 35.Bf5 Qg3

[Event "2. Bundesliga West 2013/14"]
[Site "Salzburg"]
[Date "2013.12.01"]
[Round "5"]
[Board "5"]
[White "Kupfner, Franz"]
[Black "Poettinger, Harald"]
[Result "*"]
[WhiteElo "2178"]
[BlackElo "2224"]
[PlyCount "95"]
[EventDate "2013.10.18"]
[EventType "team"]
[EventRounds "11"]
[EventCountry "AUT"]
[WhiteTeam "Zillertal"]
[BlackTeam "Bregenz"]

1.d4 d6 2.e4 Nf6 3.Bd3 e5 4.c3 g6 5.Nf3 Nbd7 6.O-O Bg7 7.Nbd2 O-O 8.Re1 Re8 9.a4 a5
10.Rb1 h6 11.b3 b6 12.Nf1 Bb7 13.Ng3 d5 14.dxe5 Nxe4 15.Nxe4 dxe4 16.Bxe4 Bxe4 17.Rxe4
Nxe5 18.Qxd8 Raxd8 19.Bf4 Nxf3+ 20.gxf3 Rxe4 21.fxe4 Rd7 22.Rc1 g5 23.Bg3 Bf8 24.Kf1
Bc5 25.Ke2 Kf8 26.f3 Bd6 27.Rd1 Ke7 28.e5 Bc5 29.Rxd7+ Kxd7 30.Kd3 c6 31.h4 Ke6 32.hxg5
hxg5 33.Ke4 b5 34.Be1 bxa4 35.bxa4 Bb6 36.Bd2 Bc7 37.f4 gxf4 38.Bxf4 Bb6 39.Bg5 Bc7
40.Bf6 Bb6 41.Bg5 Bc7 42.Bf4 Bb6 43.c4 Bc7 44.Bd2 Bxe5 45.Bxa5 f5+ 46.Kd3 Kd7 47.Bb6
Kc8 48.Bf2

[Event "2. Bundesliga West 2013/14"]
[Site "Salzburg"]
[Date "2013.12.01"]
[Round "5"]
[Board "1"]
[White "Berchtenbreiter, Maximilian"]
[Black "Breder, Dennis"]
[Result "*"]
[WhiteElo "2427"]
[BlackElo "2461"]
[PlyCount "54"]
[EventDate "2013.10.18"]
[EventType "team"]
[EventRounds "11"]
[EventCountry "AUT"]
[WhiteTeam "Kufstein / Woergl"]
[BlackTeam "Hohenems II"]

1.e4 c6 2.d4 d5 3.e5 c5 4.dxc5 e6 5.Be3 Nh6 6.f4 g5 7.fxg5 Nf5 8.Bf2 Qxg5 9.Nf3 Qf4
10.Nc3 Bd7 11.Qc1 Qxc1+ 12.Rxc1 Bh6 13.Rb1 Ne3 14.Bxe3 Bxe3 15.b4 a5 16.Rb3 d4 17.Nb5
Ke7 18.c3 Bxb5 19.cxd4 Bxf1 20.Rxf1 h6 21.d5 Bxc5 22.Nd4 Ra6 23.bxa5 Ke8 24.Rxb7 Ra8
25.Rfxf7 Bf8 26.Nc6 Na6 27.Ra7 Rc8

[Event "2. Bundesliga West 2013/14"]
[Site "Salzburg"]
[Date "2013.12.01"]
[Round "5"]
[Board "3"]
[White "Koepke, Christian"]
[Black "Novkovic, Milan"]
[Result "0-1"]
[WhiteElo "2336"]
[BlackElo "2381"]
[PlyCount "134"]
[EventDate "2013.10.18"]
[EventType "team"]
[EventRounds "11"]
[EventCountry "AUT"]
[WhiteTeam "Kufstein / Woergl"]
[BlackTeam "Hohenems II"]

1.e4 e6 2.d4 d5 3.Nc3 Nf6 4.Bg5 Be7 5.e5 Nfd7 6.h4 h6 7.Be3 c5 8.Qg4 Kf8 9.dxc5 Nc6
10.O-O-O Nxc5 11.f4 Qa5 12.Kb1 b5 13.Nf3 Na4 14.Nxa4 Qxa4 15.Nd4 Nxd4 16.Bxd4 b4 17.h5
Bd7 18.b3 Qc6 19.Bd3 Kg8 20.Qe2 a5 21.g4 a4 22.Rhg1 Bc5 23.Qe3 Rc8 24.f5 Bxd4 25.Qxd4
Qc5 26.Qxc5 Rxc5 27.bxa4 Bxa4 28.fxe6 fxe6 29.Bg6 Rc8 30.Rd4 Be8 31.Bxe8 Rxe8 32.Rxb4
Kh7 33.Rf1 Re7 34.Kb2 Rc8 35.Rf3 Rc5 36.Rc3 Ra5 37.a4 d4 38.Rc8 g6 39.Rbb8 gxh5 40.gxh5
Rxe5 41.Rb5 Rg5 42.Rcb8 Kg7 43.a5 Ra7 44.R8b7+ Kf6 45.Rxa7 Rxb5+ 46.Kc1 Rxh5 47.a6
Ra5 48.Kd2 Ke5 49.Rh7 Rxa6 50.Rxh6 Ra3 51.Rh8 Rg3 52.Re8 Kd5 53.Rh8 e5 54.Rh5 Rf3
55.Rh8 Rf2+ 56.Kd1 Ke4 57.Re8 Kf4 58.Ra8 e4 59.Ra4 Ke3 60.Ra3+ d3 61.cxd3 exd3 62.Kc1
Rf1+ 63.Kb2 Ke2 64.Ra8 d2 65.Re8+ Kf2 66.Rf8+ Kg2 67.Rg8+ Kh3 0-1

[Event "2. Bundesliga West 2013/14"]
[Site "Salzburg"]
[Date "2013.12.01"]
[Round "5"]
[Board "4"]
[White "Kessler, Luca"]
[Black "Bertagnolli, Alexander"]
[Result "*"]
[WhiteElo "2238"]
[BlackElo "2333"]
[PlyCount "117"]
[EventDate "2013.10.18"]
[EventType "team"]
[EventRounds "11"]
[EventCountry "AUT"]
[WhiteTeam "Hohenems II"]
[BlackTeam "Kufstein / Woergl"]

1.d4 Nf6 2.c4 e5 3.dxe5 Ng4 4.Nf3 Bc5 5.e3 Nc6 6.Be2 O-O 7.O-O Re8 8.Nc3 Ngxe5 9.Nxe5
Nxe5 10.b3 a5 11.Na4 Bf8 12.f4 Nc6 13.Bf3 Rb8 14.e4 b5 15.cxb5 Na7 16.Bb2 Nxb5 17.e5
d6 18.Qc2 dxe5 19.Bxe5 Nd4 20.Qxc7 Nxf3+ 21.Rxf3 Rb5 22.Qxd8 Rxd8 23.Rf2 Rbd5 24.h3
Bb7 25.Bc7 R8d7 26.Bb6 h5 27.Rc1 Bb4 28.Nb2 g5 29.fxg5 Rxg5 30.Nc4 Re7 31.Bd8 h4 32.Bxe7
Bxe7 33.Ne3 Bc5 34.Rxc5 Rxc5 35.Nf5 a4 36.bxa4 Rc1+ 37.Kh2 Kf8 38.Rb2 Rc5 39.Rxb7
Rxf5 40.Rb4 Rf2 41.Rxh4 Rxa2 42.Rh8+ Kg7 43.Ra8 f5 44.Kg3 Kf6 45.a5 Kg5 46.h4+ Kg6
47.a6 Ra4 48.a7 Kh7 49.h5 Kg7 50.h6+ Kxh6 51.Kf3 f4 52.Kg4 f3+ 53.Kxf3 Ra3+ 54.Ke4
Ra4+ 55.Kd3 Ra6 56.g4 Ra3+ 57.Kc2 Ra2+ 58.Kb3 Ra1 59.g5+